书目信息 |
| 题名: |
论语译注
|
|
| 作者: | 孔祥瑞 译注 | |
| 分册: | ||
| 出版信息: | 上海 上海社会科学院出版社 2020.10 |
|
| 页数: | 462页 | |
| 开本: | 21cm | |
| 丛书名: | ||
| 单 册: | ||
| 中图分类: | B222.24 | |
| 科图分类: | ||
| 主题词: | 儒家--ru jia | |
| 电子资源: | ||
| ISBN: | 978-7-5520-3310-6 | |
| 000 | 00977nam0 2200265 450 | |
| 001 | CAL 0120203110305 | |
| 005 | 20230217093112.0 | |
| 010 | @a978-7-5520-3310-6@dCNY58.00 | |
| 100 | @a20201126d2020 em y0chiy0120 ea | |
| 101 | 0 | @achi |
| 102 | @aCN@b310000 | |
| 105 | @ay z 000yy | |
| 106 | @ar | |
| 200 | 1 | @a论语译注@Alun yu yi zhu@f孔祥瑞译注 |
| 210 | @a上海@c上海社会科学院出版社@d2020.10 | |
| 215 | @a462页@d21cm | |
| 300 | @a本书出版获中央高校基本科研业务费以及上海外国语大学学术著作出版资助 | |
| 314 | @a孔祥瑞, 复旦大学思想文化史博士。 | |
| 330 | @a本书尝试在专业注本和大众注本之间, 做成一个既有一定的专业知识, 也相对流畅的注本。在专业性上, 除了广泛汲取古注的精华外, 还利用了最新的考古、古文字、古文献等专业新的学术成果, 尝试用浅显流畅的语言表达出来。 | |
| 605 | @a论语@Alun yu@x译文 | |
| 606 | 0 | @a儒家@Aru jia |
| 690 | @aB222.24@v5 | |
| 701 | 0 | @a孔祥瑞@Akong xiang rui@4译注 |
| 801 | 0 | @aCN@bBJXHZP@c20230228 |
| 905 | @b1389076-8@dB222.24@e1076@f3 | |
| 论语译注/孔祥瑞译注.-上海:上海社会科学院出版社,2020.10 |
| 462页;21cm |
| 本书出版获中央高校基本科研业务费以及上海外国语大学学术著作出版资助 |
| ISBN 978-7-5520-3310-6:CNY58.00 |
| 本书尝试在专业注本和大众注本之间, 做成一个既有一定的专业知识, 也相对流畅的注本。在专业性上, 除了广泛汲取古注的精华外, 还利用了最新的考古、古文字、古文献等专业新的学术成果, 尝试用浅显流畅的语言表达出来。 |
| ● |
| 相关链接 |
|
|
|
|
正题名:论语译注
索取号:B222.24/1076
 
预约/预借
| 序号 | 登录号 | 条形码 | 馆藏地/架位号 | 状态 | 备注 |
| 1 | 1389076 | 213890761 | 第一样本阅览室/ [索取号:B222.24/1076] | 在馆 | |
| 2 | 1389077 | 213890770 | 第一借阅区/ [索取号:B222.24/1076] | 在馆 | |
| 3 | 1389078 | 213890789 | 第一借阅区/ [索取号:B222.24/1076] | 在馆 |